[Event "Schwarzwald Seniors op 12th"]
[Site "Steinach"]
[Date "2004.04.03"]
[Round "1"]
[White "Vogler, Kurt"]
[Black "Mueller, Wolfgang"]
[Result "0-1"]
[WhiteElo "1207"]
[BlackElo "1782"]
[PlyCount "132"]
[EventDate "2004.03.29"]
[EventType "swiss"]
[EventRounds "9"]
[EventCountry "GER"]
[SourceTitle "EXT 2006"]
[Source "ChessBase"]
[SourceDate "2005.11.24"]
[SourceVersion "1"]
[SourceVersionDate "2005.11.24"]
[SourceQuality "1"]

1. e4 c5 2. Nf3 e6 3. d3 b6 4. Nbd2 Bb7 5. c4 d6 6. Be2 Nd7 7. 0-0 Ngf6 8. h3 Be7 9. Nh2 h6 10. b3 0-0 11. Bb2 Qc7 12. f4 d5 13. e5 Nh7 14. Bf3 Rad8 15. cxd5 exd5 16. Rc1 Qb8 17. Qe2 Rfe8 18. g3 Ndf8 19. Rfe1 Ne6 20. Ng4 Nhf8 21. Qg2 Ba8 22. Ne3 d4 23. Nf5 Ng6 24. Nxe7+ Nxe7 25. Bxa8 Qxa8 26. Qxa8 Rxa8 27. Ne4 Nf5 28. Kf2 Red8 29. Rh1 Ne3 30. Rhg1 Kf8 31. Kf3 Rac8 32. Nd6 Rc6 33. Ba3 Kg8 34. b4 f6 35. bxc5 fxe5 36. cxb6 Rxb6 37. Nc8 Ra6 38. Ne7+ Kh7 39. Bb4 Rxa2 40. Rc6 Nf8 41. fxe5 Nd7 42. Ke4 Re2 43. Rd6 Nc4+ 44. Kxd4 Nxd6 45. exd6 Rb8 46. Nc6 Rb5 47. Rb1 a6 48. Ra1 Rb6 49. Rc1 Nf6 50. Ba5 Rb5 51. Rc5 Reb2 52. Rxb5 Rxb5 53. Bc3 Rd5+ 54. Kc4 Rxd6 55. Na5 Nd7 56. d4 h5 57. d5 Rg6 58. Nc6 Rxg3 59. h4 Rg4+ 60. Nd4 Rxh4 61. d6 Rg4 62. Kd5 h4 63. Kc6 h3 64. Nf5 Rc4+ 65. Kxd7 Rxc3 66. Nh4 h2 0-1